|
|
|
|
| LEADER |
01852nam a2200445 i 4500 |
| 001 |
EBC3110552 |
| 003 |
MiAaPQ |
| 005 |
20200520144314.0 |
| 006 |
m o d | |
| 007 |
cr cnu|||||||| |
| 008 |
140419t20142014mau ob 001 0 eng d |
| 020 |
|
|
|z 9781618113511
|
| 020 |
|
|
|a 9781618113627
|q (electronic bk.)
|
| 035 |
|
|
|a (MiAaPQ)EBC3110552
|
| 035 |
|
|
|a (Au-PeEL)EBL3110552
|
| 035 |
|
|
|a (CaPaEBR)ebr10857393
|
| 035 |
|
|
|a (OCoLC)922977951
|
| 040 |
|
|
|a MiAaPQ
|b eng
|e rda
|e pn
|c MiAaPQ
|d MiAaPQ
|
| 043 |
|
|
|a a-is---
|
| 050 |
|
4 |
|a DS149
|b .S564 2014
|
| 082 |
0 |
|
|a 956.94001
|2 23
|
| 100 |
1 |
|
|a Shoham, Hizky,
|e author.
|
| 245 |
1 |
0 |
|a Carnival in Tel Aviv :
|b purim and the celebration of urban zionism /
|c Hizky Shoham.
|
| 264 |
|
1 |
|a Brighton, Massachusetts :
|b Academic Studies Press,
|c 2014.
|
| 264 |
|
4 |
|c 2014
|
| 300 |
|
|
|a 1 online resource (250 pages).
|
| 336 |
|
|
|a text
|2 rdacontent
|
| 337 |
|
|
|a computer
|2 rdamedia
|
| 338 |
|
|
|a online resource
|2 rdacarrier
|
| 490 |
1 |
|
|a Israel: Society, Culture, and History
|
| 504 |
|
|
|a Includes bibliographical references and index.
|
| 588 |
|
|
|a Description based on online resource; title from PDF title page (ebrary, viewed April 19, 2014).
|
| 590 |
|
|
|a Electronic reproduction. Ann Arbor, MI : ProQuest, 2015. Available via World Wide Web. Access may be limited to ProQuest affiliated libraries.
|
| 650 |
|
0 |
|a Zionism.
|
| 650 |
|
0 |
|a Purim
|z Palestine.
|
| 655 |
|
4 |
|a Electronic books.
|
| 776 |
0 |
8 |
|i Print version:
|a Shoham, Hizky.
|t Carnival in Tel Aviv : purim and the celebration of urban zionism.
|d Brighton, Massachusetts : Academic Studies Press, c2014
|h xxiv, 226 pages
|k Israel (Boston, Mass.)
|z 9781618113511
|
| 797 |
2 |
|
|a ProQuest (Firm)
|
| 830 |
|
0 |
|a Israel (Boston, Mass.)
|
| 856 |
4 |
0 |
|u https://ebookcentral.proquest.com/lib/matrademy/detail.action?docID=3110552
|z Click to View
|